Statistiques concernant Les 100 personnages Dragon ball/z/super/GT

Cliquez ici pour prendre le quiz!

Statistiques générales

  • Ce quiz a été pris 8 137 fois
  • Le résultat moyen est 50 sur 100

Statistiques - réponses

Réponse% Correct
62Black Goku
99%
1Goku
99%
2Vegeta
99%
20C 13
97%
21C 14
97%
22C 15
97%
23C 16
97%
24C 17
97%
26C 18
97%
28C 19
97%
29C 20
97%
30C 21
97%
19C 8
97%
25Super C 17
97%
3Bulma
95%
12Gohan
95%
14Trunks
92%
13Goten
91%
37Freezer
90%
31Cell
87%
32Cell Junior
87%
11Chichi
87%
4Krilin
87%
5Yamcha
85%
92Bée
82%
50Picolo
79%
16Tortue genial
76%
57Whis
75%
54Beerus
74%
79Boo
72%
64Jiren
71%
51Mister Satan
69%
33Nappa
67%
52Videl
66%
53Pan
65%
34Raditz
65%
9Ten Shin Han
64%
82Omega Shenron
61%
10Chaozu
59%
84Ice Shenron
59%
83Su Shenron
59%
55Champa
57%
59Zen'ô
57%
61Zamasu
56%
78Babidi
55%
38Cooler
52%
70Hit
52%
65Toppo
51%
47Ginyû
49%
49Dende
47%
63Maï
47%
15Bra
44%
56Vados
44%
7Oolong
43%
67Kale
40%
18Baby
39%
75Mr Popo
39%
6Plume
38%
39Cold
37%
68Caulifla
36%
44Guldo
36%
85Oob
33%
43Zarbon
33%
94Pilaf
32%
74Yajirobé
32%
77Bibidi
31%
73Karin
31%
8Lunch
30%
48Nail
29%
66Dyspo
27%
42Doria
26%
41Kiwi
25%
27Marron
25%
69Cabba
23%
81Kibito
22%
46Barta
21%
45Reecom
21%
17Baba
18%
35Bardack
18%
87Jeice
18%
91Enma
15%
88Moro
15%
89Granola
14%
86Jaco
14%
76Kami
14%
80Puipui
14%
71Botamo
11%
36Gine
11%
72Otta Magetta
11%
98Gyûmao
10%
60Paikuhan
10%
96Dr. Brief
9%
95Shu
9%
58Daishinkan
8%
97Madame Brief
8%
90Upa
7%
40Chilled
5%
99Monaca
4%
100Cheelai
3%
93Mutaito
3%

Distribution des résultats

Percentile par nombre de réponses

% des personnes avec chaque résultat

Votre développement - résultats

Vous n’avez pas pris ce quiz